[Event "The Return"]
[Site "http://www.queenalice.com/game.php?id=746100"]
[Date "2010.3.14"]
[Round "-"]
[White "Mr_SPOCK"]
[Black "Cernunnos"]
[Result "1-0"]
[WhiteElo "1594"]
[BlackElo "1228"]

1. e4 e5 2. Nf3 Nc6 3. Nc3 Nf6 4. Bc4 Qe7 5. Ng5 d6 6. Nxf7 Bg4 7. f3 Be6 8.
Nxh8 g6 9. Bxe6 Qxe6 10. O-O Qg8 11. Nxg6 Qxg6 12. Ne2 O-O-O 13. Rb1 Nb4 14. d4
Nxa2 15. d5 a5 16. Qd2 a4 17. Qa5 Qe8 18. b4 Nd7 19. Qa8+ Nb8 20. Be3 Qb5 21. c4
Qe8 22. Rb2 h5 23. Rxa2 Kd7 24. Qxa4+ Ke7 25. b5 h4 26. Bg5+ Kd7 27. b6+ Kc8 28.
Qa5 Rd7 29. Bxh4 Qg6 30. Ng3 Rh7 31. Nf5 Rxh4 32. Nxh4 Qh5 33. bxc7 Qxh4 34. Qb6
Bh6 35. Ra8 Bf4 36. cxb8=Q+ Kd7 37. Q6xd6# 1-0

[Event "Cernunnos"]
[Site "http://www.queenalice.com/game.php?id=747998"]
[Date "2010.3.18"]
[Round "-"]
[White "foda"]
[Black "Cernunnos"]
[Result "1-0"]
[WhiteElo "1489"]
[BlackElo "1224"]

1. e4 d6 2. Bc4 Nf6 3. b4 e5 4. Nf3 Qe7 5. Ng5 a6 6. Nxf7 Rg8 7. Nc3 b5 8. Bd5
Nxd5 9. exd5 Qxf7 10. O-O Qf5 11. Qf3 Qxc2 12. Qh5+ Qg6 13. Qf3 Bg4 14. Qg3 h5
15. h3 h4 16. Qxh4 Bf5 17. g4 Be7 18. Qg3 Bxg4 19. hxg4 Rh8 20. f4 Qh6 21. Qg2
Bh4 22. g5 Qh5 23. fxe5 dxe5 24. d6 cxd6 25. Nd5 Nc6 26. Nc7+ Ke7 27. Nxa8 Nxb4
28. Qb7+ Ke6 29. Nc7+ Kd7 30. Nd5+ Ke8 31. Qe7# 1-0

[Event "Challenge"]
[Site "http://www.queenalice.com/game.php?id=752166"]
[Date "2010.3.27"]
[Round "-"]
[White "Petrucio"]
[Black "Cernunnos"]
[Result "0-1"]
[WhiteElo "1471"]
[BlackElo "1206"]

1. b4 a6 2. e4 e5 3. Qf3 f6 4. a3 Nc6 5. Qh5+ g6 6. Qf3 Nd4 7. Qd3 Nb5 8. Qc4 c6
9. Nc3 Nd4 10. f4 Nxc2+ 11. Kd1 Nxa1 12. Bb2 b5 13. Qa2 Qb6 14. f5 Qf2 15. Bd3
Qxg2 16. Qxa1 Qxh1 17. Kc2 Qxh2 18. Nge2 gxf5 19. exf5 d5 20. a4 Bxb4 21. a5 e4
22. Bxe4 dxe4 23. Kb3 Ne7 24. Kxb4 Rg8 25. Nxe4 Rg1 26. Nxg1 Nxf5 27. Nf3 Be6
28. Nxh2 O-O-O 29. Nf3 Bd5 30. Qe1 Re8 31. Nxf6 Rxe1 32. Nxh7 Re4+ 33. Kc5 Ne7
34. Nf6 Kb7 35. Ba3 Kc7 36. Bb4 Rc4# 0-1

[Event "Cernunnos"]
[Site "http://www.queenalice.com/game.php?id=758433"]
[Date "2010.4.9"]
[Round "-"]
[White "foda"]
[Black "Cernunnos"]
[Result "1-0"]
[WhiteElo "1455"]
[BlackElo "1212"]

1. e4 e5 2. Bc4 Qe7 3. Qf3 Nc6 4. d3 Nd4 5. Qe3 Qb4+ 6. c3 Qc5 7. cxd4 Qb4+ 8.
Qd2 Qd6 9. dxe5 Qxe5 10. Nf3 Qh5 11. Ng5 h6 12. Nxf7 Rh7 13. Qf4 Qd5 14. Bxd5 g5
15. Qf5 Rg7 16. Nh8 Ne7 17. Bf7+ Kd8 18. Qf6 d6 19. Be6 Bxe6 20. Qxe6 Ng8 21.
Nf7+ Rxf7 22. Qxf7 Ne7 23. Qxf8+ Kd7 24. Qxa8 Nc6 25. Qxb7 g4 26. Bxh6 g3 27.
hxg3 1-0

[Event ":)"]
[Site "http://www.queenalice.com/game.php?id=762812"]
[Date "2010.4.18"]
[Round "-"]
[White "Cernunnos"]
[Black "Mr_SPOCK"]
[Result "0-1"]
[WhiteElo "1226"]
[BlackElo "1588"]

1. e4 e5 2. c4 Nc6 3. Nf3 Bc5 4. h4 Nh6 5. Ng5 Qf6 6. Nf3 Ng4 7. Nc3 Bxf2+ 8.
Ke2 Nd4+ 9. Kd3 Bg3 10. Nd5 Nf2+ 11. Ke3 Qh6+ 12. Ng5 Nxd1+ 13. Kd3 Nf2+ 14. Ke3
Nc2+ 15. Kf3 Nxh1 16. d3 Qh5# 0-1

[Event ":))"]
[Site "http://www.queenalice.com/game.php?id=766223"]
[Date "2010.4.25"]
[Round "-"]
[White "Mr_SPOCK"]
[Black "Cernunnos"]
[Result "1-0"]
[WhiteElo "1508"]
[BlackElo "1222"]

1. e4 d6 2. d4 Nf6 3. d5 Nxe4 4. Nc3 Nc5 5. Bb5+ Bd7 6. Nf3 c6 7. dxc6 bxc6 8.
Bc4 d5 9. Be2 h6 10. O-O f6 11. Qd4 Nba6 12. Bxa6 Nxa6 13. Nh4 e5 14. Qd1 d4 15.
Ne4 g5 16. Qh5+ Ke7 17. Ng6+ Ke6 18. Nxh8 Qe8 19. Ng6 f5 20. Ng3 Nc5 21. c3 f4
22. Qh3+ Kd6 23. Qh5 Ne6 24. Nf5+ Kc7 25. cxd4 exd4 26. Bd2 a5 27. Rae1 1-0

[Event "Cernunnos"]
[Site "http://www.queenalice.com/game.php?id=774494"]
[Date "2010.5.12"]
[Round "-"]
[White "foda"]
[Black "Cernunnos"]
[Result "1-0"]
[WhiteElo "1492"]
[BlackElo "1233"]

1. e4 e5 2. Nf3 Qe7 3. d3 f6 4. d4 d6 5. dxe5 fxe5 6. Bc4 Nf6 7. Bg5 h6 8. Bxf6
gxf6 9. Nc3 c6 10. b4 Be6 11. Bxe6 Qxe6 12. b5 1-0

[Event "Cernunnos"]
[Site "http://www.queenalice.com/game.php?id=774529"]
[Date "2010.5.12"]
[Round "-"]
[White "foda"]
[Black "Cernunnos"]
[Result "1-0"]
[WhiteElo "1506"]
[BlackElo "1227"]

1. e4 e5 2. Bc4 Nf6 3. Nf3 Qe7 4. d3 Ng4 5. Nh4 Qc5 6. Qxg4 g6 7. Qf3 Be7 8. Be3
Qb4+ 9. c3 Qxb2 10. Qxf7+ Kd8 11. O-O Qxa1 12. Na3 1-0

[Event "Challenge"]
[Site "http://www.queenalice.com/game.php?id=778890"]
[Date "2010.5.21"]
[Round "-"]
[White "Cernunnos"]
[Black "pedroingles"]
[Result "0-1"]
[WhiteElo "1205"]
[BlackElo "1851"]

1. e4 e5 2. d4 exd4 3. Qxd4 Nc6 4. Qe3 Bb4+ 5. Bd2 Bxd2+ 6. Nxd2 d6 7. O-O-O Nf6
8. Qg5 O-O 9. f3 Be6 10. Bc4 d5 11. Nb3 Qe7 12. exd5 Nxd5 13. h4 Qxg5+ 14. hxg5
Ne3 15. Re1 Nxg2 16. Re2 Nf4 17. Rd2 Bxc4 18. Rh4 Bxb3 19. Rxf4 Be6 20. Re4 g6
21. f4 Rad8 22. Nf3 Rxd2 23. Nxd2 Bf5 24. Re3 Rd8 25. a3 Rd7 26. Re8+ Kg7 27. b4
Ne7 28. Nc4 Nd5 29. Ne5 Re7 30. Rd8 Nxf4 31. Nc4 Nh3 32. Na5 b6 33. Nb7 Nxg5 34.
a4 c5 35. bxc5 Rxb7 36. a5 bxc5 37. Rd6 Rd7 38. Rc6 Ne6 39. Rc8 h5 40. Rb8 h4
41. Kb1 h3 42. Ka2 Bxc2 43. Rb2 Rd2 0-1

[Event "Challenge"]
[Site "http://www.queenalice.com/game.php?id=779849"]
[Date "2010.5.23"]
[Round "-"]
[White "Petrucio"]
[Black "Cernunnos"]
[Result "1-0"]
[WhiteElo "1389"]
[BlackElo "1203"]

1. f4 d6 2. e4 f5 3. Bc4 e6 4. Bb5+ c6 5. Bc4 Qh4+ 6. g3 Qh6 7. e5 d5 8. Bb3 Bc5
9. Nf3 Qh3 10. Qe2 Qg4 11. Qg2 Nh6 12. h4 O-O 13. d4 Be7 14. c3 b6 15. h5 g5 16.
fxg5 Qe4+ 17. Kf2 Ng4+ 18. Kf1 c5 19. Bd1 Ba6+ 20. Kg1 Qd3 21. Bc2 Qc4 22. b3
Qb5 23. Qd2 c4 24. Na3 Qa5 25. g6 cxb3 26. axb3 Rc8 27. b4 Bxb4 28. cxb4 Qxa3
29. Bxa3 h6 30. Qf4 Rxc2 31. Rb1 Rf2 32. b5 Bxb5 33. Rxb5 Ra2 34. Bd6 Ra1+ 35.
Kg2 Ra2+ 36. Nd2 Nc6 37. Rc1 Nd8 38. Rcb1 Nf7 39. Kf1 Ng5 40. Be7 Rc8 41. Bxg5
hxg5 42. Qxg5 Re8 43. Kg1 Rc8 44. Kf1 Rcc2 45. Ke1 Rc3 46. Qd8+ Kg7 47. Qf6+
Nxf6 48. R1b3 Ra1+ 49. Rb1 Rc1+ 50. Ke2 Ng4 51. R1b2 Re1+ 52. Kd3 Ne3 53. R2b3
Ra2 54. Rc3 Re2 55. Rc7+ Kg8 56. Kxe2 Ra3 57. g7 Ng2 58. Kf2 Nf4 59. gxf4 Ra2
60. Ke2 Ra3 61. h6 Rh3 62. Rc8+ Kh7 63. Rh8+ Kg6 64. Rb3 Rh2+ 65. Kd1 Rh1+ 66.
Kc2 1-0

[Event "Cernunnos"]
[Site "http://www.queenalice.com/game.php?id=781042"]
[Date "2010.5.26"]
[Round "-"]
[White "Cernunnos"]
[Black "foda"]
[Result "0-1"]
[WhiteElo "1211"]
[BlackElo "1463"]

1. e3 Nf6 2. f3 e5 3. e4 d5 4. d3 dxe4 5. dxe4 Bc5 6. Bb5+ Bd7 7. Bc4 O-O 8. Bg5
b5 9. Bb3 Nc6 10. c4 bxc4 11. Bxc4 Bb4+ 12. Nc3 Qb8 13. Qxd7 Nxd7 14. Bd5 Qb7
15. Ne2 h6 16. Bh4 Bxc3+ 17. Nxc3 Qxb2 18. O-O Qxc3 19. Rac1 Qd4+ 20. Rf2 Rab8
21. Bxc6 Rb2 22. Be7 Qxf2+ 0-1

[Event "Back to playing !!!"]
[Site "http://www.queenalice.com/game.php?id=796977"]
[Date "2010.6.30"]
[Round "-"]
[White "Mr_SPOCK"]
[Black "Cernunnos"]
[Result "1-0"]
[WhiteElo "1659"]
[BlackElo "1194"]

1. e4 e5 2. Nf3 Nh6 3. Nxe5 Bd6 4. d4 O-O 5. Bxh6 Qf6 6. Ng4 Qh4 7. Bxg7 Kxg7 8.
e5 Re8 9. Bd3 Be7 10. d5 d6 11. e6 fxe6 12. Qf3 Rf8 13. Qe4 e5 14. g3 Qh3 15.
Bf1 Qxg4 16. f4 Bf5 17. Qe3 e4 18. Be2 Qh3 19. Nd2 b6 20. O-O-O c6 21. dxc6 Nxc6
22. Qc3+ Bf6 23. Qxc6 Qg2 24. Bd3 exd3 25. Qxg2 dxc2 26. Rde1 Rac8 27. g4 Bd7
28. g5 Bd4 29. Re7+ Rf7 30. Rxf7+ Kxf7 31. Qd5+ Ke7 32. Qxd4 1-0

[Event "Challenge"]
[Site "http://www.queenalice.com/game.php?id=837130"]
[Date "2010.9.23"]
[Round "-"]
[White "Mr_SPOCK"]
[Black "Cernunnos"]
[Result "1-0"]
[WhiteElo "1557"]
[BlackElo "1192"]

1. e4 e5 2. Nf3 d6 3. Bc4 Qe7 4. O-O Nf6 5. d4 exd4 6. e5 dxe5 7. Re1 e4 8. Bd3
Nc6 9. Ng5 Bg4 10. Be2 O-O-O 11. Bf4 Qb4 12. Bxg4+ Nxg4 13. Qxg4+ Rd7 14. Rxe4
Bd6 15. c3 Qxb2 16. g3 Qxa1 17. Re1 Rd8 18. Nxf7 dxc3 19. Rc1 Qxa2 20. Nxd6+
cxd6 21. Nxc3 Qf7 22. Nb5 h5 23. Qh3 a6 24. Nxd6+ Kc7 25. Nxf7+ Kc8 26. Nd6+ Kb8
27. Nf7+ Kc8 28. Nxd8 Kxd8 29. Qh4+ Ke8 30. Re1+ Kf8 31. Qxh5 Nd8 32. Qe8# 1-0

[Event ";)"]
[Site "http://www.queenalice.com/game.php?id=847713"]
[Date "2010.10.18"]
[Round "-"]
[White "Cernunnos"]
[Black "Mr_SPOCK"]
[Result "0-1"]
[WhiteElo "1190"]
[BlackElo "1543"]

1. b3 e5 2. e4 Nc6 3. Nf3 Bc5 4. Ba3 b6 5. Bc4 Nf6 6. Bb5 Nxe4 7. Qe2 d5 8. O-O
O-O 9. Bxc6 Rb8 10. Qd3 Bxf2+ 11. Kh1 Bf5 12. Nxe5 Ng3+ 13. Qxg3 Bxg3 14. Rxf5
Qh4 15. h3 Qe4 16. Bxd5 Qe1+ 17. Rf1 Qxf1# 0-1

[Event ":))"]
[Site "http://www.queenalice.com/game.php?id=853903"]
[Date "2010.11.2"]
[Round "-"]
[White "Mr_SPOCK"]
[Black "Cernunnos"]
[Result "1-0"]
[WhiteElo "1687"]
[BlackElo "1188"]

1. e4 e5 2. Nf3 Nc6 3. Nc3 a6 4. d4 d6 5. d5 Nb4 6. a3 Nxc2+ 7. Qxc2 c6 8. dxc6
bxc6 9. Bc4 Qf6 10. Bg5 Qg6 11. Qd2 f6 12. O-O fxg5 13. Nxg5 Bb7 14. Bf7+ Qxf7
15. Nxf7 Kxf7 16. Qe2 Nf6 17. Qf3 h5 18. h4 Rd8 19. Rfd1 c5 20. b4 d5 21. exd5
Bd6 22. bxc5 e4 23. Nxe4 Rh6 24. Re1 Be5 25. Ng5+ Ke7 26. d6+ Kf8 27. Ne6+ Ke8
28. Nxg7+ Kf7 29. Qxb7+ Rd7 30. Qb3+ Kxg7 31. Rxe5 Rf7 32. Rg5+ Kf8 33. Re1 Rhh7
34. Qb8+ Ne8 35. Qxe8# 1-0

[Event ":)))"]
[Site "http://www.queenalice.com/game.php?id=868422"]
[Date "2010.12.6"]
[Round "-"]
[White "Cernunnos"]
[Black "Mr_SPOCK"]
[Result "0-1"]
[WhiteElo "1186"]
[BlackElo "1732"]

1. d4 d5 2. e3 Nf6 3. h3 Nc6 4. c3 e5 5. Ne2 e4 6. Nf4 Bd6 7. a3 O-O 8. Qa4 Bd7
9. b4 Nxb4 10. Qb3 a5 11. cxb4 a4 12. Qc3 b5 13. Be2 Ra6 14. Qd2 Be8 15. g4 c6
16. h4 Bc7 17. g5 Ra5 18. Qc2 Ra7 19. Qc5 Ra6 20. gxf6 Bd6 21. Qc3 Qxf6 22. Nd2
Bd7 23. Nh5 Qg6 24. Nf1 Bg4 25. Nhg3 Bxe2 26. Nxe2 Ra7 27. Nf4 Qg4 28. Qxc6 Rd7
29. Qxd5 Bxb4+ 30. axb4 Rxd5 31. Ng3 Qc8 32. Nxd5 Qc4 33. Nf6+ gxf6 34. Bd2 Ra8
35. Nf5 a3 36. Rc1 Qe6 37. Rc5 a2 38. Rg1+ Kf8 39. Bc3 Ra3 40. Rc8+ Qxc8 41. Kd2
Qxc3+ 42. Ke2 Qd3+ 43. Ke1 a1=Q# 0-1

[Event ":))))"]
[Site "http://www.queenalice.com/game.php?id=885948"]
[Date "2011.1.13"]
[Round "-"]
[White "Mr_SPOCK"]
[Black "Cernunnos"]
[Result "1-0"]
[WhiteElo "1714"]
[BlackElo "1184"]

1. e4 e5 2. Nf3 Nf6 3. Bc4 Nxe4 4. Nxe5 d5 5. Qf3 Ng5 6. Qxd5 Be6 7. Qb5+ c6 8.
Nxc6 Nxc6 9. Qa4 Qa5 10. Bb5 Qc7 11. d4 h6 12. g3 Nf3+ 13. Kf1 Nxd4 14. c3 Nf5
15. Bf4 Bd6 16. Bxd6 Nxd6 17. Na3 a6 18. Bxc6+ Qxc6 19. Qxc6+ bxc6 20. Re1 O-O
21. h4 Bd5 22. Rg1 Bxa2 23. Nc2 Bc4+ 24. Kg2 Bd5+ 25. f3 Rab8 26. b4 Nc4 27. g4
Rbe8 28. Nd4 c5 29. Nc2 cxb4 30. Nxb4 Bb7 31. Ra1 Ra8 32. Ra4 Nb6 33. Ra5 Nc4
34. Rh5 Ne3+ 35. Kf2 Rfe8 36. g5 a5 37. gxh6 g6 38. h7+ Kh8 39. Rb5 Bc8 40. h5
a4 41. hxg6 Kg7 42. Rh5 Kh8 43. g7# 1-0

[Event ":)))))"]
[Site "http://www.queenalice.com/game.php?id=896914"]
[Date "2011.2.6"]
[Round "-"]
[White "Cernunnos"]
[Black "Mr_SPOCK"]
[Result "0-1"]
[WhiteElo "1182"]
[BlackElo "1658"]

1. e4 e5 2. Nf3 Nc6 3. Bc4 Nf6 4. Qe2 Bc5 5. Bb3 a5 6. a4 b6 7. Ng5 O-O 8. Nc3
Bb4 9. Qe3 Bc5 10. Qh3 d5 11. Nxd5 Bxh3 12. Nxh3 Nxe4 13. O-O Qh4 14. Nxc7 Nxf2
15. Rxf2 Nd4 16. g3 Qxh3 17. Rxf7 Nf3+ 18. Kh1 Qxh2# 0-1

[Event ":))))))"]
[Site "http://www.queenalice.com/game.php?id=906486"]
[Date "2011.2.27"]
[Round "-"]
[White "Mr_SPOCK"]
[Black "Cernunnos"]
[Result "1-0"]
[WhiteElo "1688"]
[BlackElo "1180"]

1. e4 e5 2. Nf3 Nc6 3. Bc4 Nf6 4. O-O Nxe4 5. d3 Nc5 6. Re1 d5 7. Nxe5 g6 8.
Nxc6+ Be6 9. Nxd8 Rxd8 10. b3 dxc4 11. bxc4 Rd4 12. Be3 Rg4 13. Bxc5 Bxc5 14.
Qxg4 O-O 15. Qh4 Re8 16. Re5 Be7 17. Qh6 Bf6 18. d4 c6 19. d5 Bxe5 20. c3 Bf5
21. Nd2 Bg7 22. Qh4 Bxc3 23. Rd1 cxd5 24. Nf3 Be6 25. Ng5 Bf5 26. Qxh7+ Kf8 27.
Qxf7# 1-0

[Event ":)))))))"]
[Site "http://www.queenalice.com/game.php?id=923602"]
[Date "2011.4.8"]
[Round "-"]
[White "Cernunnos"]
[Black "Mr_SPOCK"]
[Result "0-1"]
[WhiteElo "1178"]
[BlackElo "1652"]

1. d4 d5 2. Nf3 Nc6 3. e3 Bg4 4. Qd3 Nb4 5. Qb3 e5 6. Nxe5 Bf5 7. Bd3 Bxd3 8.
Nxd3 a5 9. O-O a4 10. Qxb4 Bxb4 11. Nxb4 Nf6 12. Nc3 Qd6 13. a3 Ng4 14. Nbxd5
Qxh2# 0-1